| 000 | 00699nam a22001937a 4500 | ||
|---|---|---|---|
| 999 |
_c157810 _d157810 |
||
| 005 | 20181003111440.0 | ||
| 010 | _aENG-124155 | ||
| 020 |
_a9789386446831 _c350.00 |
||
| 035 | _aEN-107687 | ||
| 037 | _bDBAD/PUB | ||
| 082 | 0 | 0 | _a302 |
| 100 | _aShetgovekar, Suhas | ||
| 245 | 1 | 0 |
_aAn introduction to social psychology / _cby Suhas Shetgovekar |
| 260 |
_aNew Delhi _bSAGE Publications, _c2018 |
||
| 270 |
_aB1/I-1 Mohan Cooperative Industrial Area, Mathura Road _bNew Delhi _e110044 |
||
| 300 |
_axv,294p.(A-1, B-1, AB-1, I-1p.) _c25cm.(pbk) _bill. |
||
| 500 | _aIt includes Appendix, bibliography, answers to multiple choice questions and index | ||
| 942 |
_2ddc _cEN _h302 _mSHE |
||